Thomas’ calculus

Saved in:
Bibliographic Details
Main Author: THOMAS, George B
Format: Book
Language:English
Published: Pearson Education 2016
Tags: Add Tag
No Tags, Be the first to tag this record!

MARC

LEADER 00000nam a22000007a 4500
008 201208b ||||| |||| 00| 0 eng d
020 |a 978-1-292-08979-9 
100 |a THOMAS, George B 
245 |a Thomas’ calculus  |c George B. Thomas  |g 1046p.; ill. 
260 |b Pearson Education  |c 2016  |h Boston  |i  691145  |i  691146  |l QA303 .T36  |m Calculus 
942 |a lcc  |c BK  |e Kuteyi M. A.  |f 8/12/2020 
952 |0 0  |1 0  |2 lcc  |4 0  |6 QA0303 T36  |7 0  |9 219  |a HOL  |b SL  |c QZ  |d 2020-12-08  |l 0  |o QA303 .T36  |p 2020-0160  |r 2020-12-08 00:00:00  |w 2020-12-08  |y BK 
952 |0 0  |1 0  |2 lcc  |4 0  |6 QA0303 T36  |7 0  |9 220  |a HOL  |b HOL  |c QZ  |d 2020-12-08  |l 0  |o QA303 .T36  |p 2020-0161  |r 2020-12-08 00:00:00  |w 2020-12-08  |y BK 
999 |c 83  |d 83